000 00545cam1a220018100 4500
001 tmp15890573
003 UPRA
005 20190815094400.0
008 951109s1985 yu eng u
035 _a(Sirsi) r75156
035 _a(UPRA)tmp15890573
040 _cUPRA
100 1 _aTodorovic, Aleksandar.
_6A35650.1
245 1 0 _aBroadcast videotape recording kechnology /
_cby Aleksandar Todorvic, Richard Klajn.
260 _aBelgrade :
_bGostav Radiotelevision,
_c1985.
949 _a(O2) 1985/35
_wlcc
_mMAIN
_tBOOK
_lON-SHELF
004 75156
999 _c59526
_d59527